000 00569cam a22002053a 4500
001 40854
003 PGUSA
005 20140828083919.0
008 120924s2012||||xxu|||||s|||||000 | eng d
040 _aPGUSA
_beng
042 _adc
100 1 _aMendel, Gregor
245 1 0 _aVersuche über Pflanzenhybriden
_h[electronic resource] /
_cGregor Mendel
260 _bProject Gutenberg,
_c2012
506 _aPublic domain in the USA.
516 _aElectronic text
830 0 _aProject Gutenberg
_v40854
856 4 0 _uhttp://www.gutenberg.org/ebooks/40854
942 _cEB
999 _c270106
_d270106